000 00538nam a2200181Ia 4500
999 _c269
_d269
020 _a0-8108-0491-3
082 _a025.493 CHR-;
100 _aChrist, John M.
245 0 _aConcepts and subject headings: their relation of information retrieval in librar
260 _aNew Jersey
_bScarecrow Press
_c1972
300 _axiv, 174p.
504 _aIncludes bibliography
650 _aLibrary science
650 _aSocial sciences
650 _aSubject headings - Study and teaching
650 _aSocial sciences - Terminology
942 _cBK